000 00507nam a2200181Ia 4500
001 46588
008 140429s9999 xx 000 0 und d
020 _aNA
040 _cPK-LaUMT
082 _aRHC 891.4394
_bABU-S
100 _aAbual Imtiaz Seen Muslim
245 _aSareer-e-khayaal (Urdu)
_bmazaameen, mabaahis, makaalmaat
_cAbual Imtiaz Seen Muslim
260 _aLahore,Pakistan:
_bQamar Enterprises,
_c2001
300 _a239 p.
546 _aUR
650 _aPakistan literature-Urdu
942 _cBK
999 _c44539
_d44539